Ч. 2: Вентиляция; Примеры расчета по отоплению и вентиляции

Dettagli Bibliografici
Parent link:Примеры расчета по отоплению и вентиляции: Учебное пособие/ В. А. Кострюков. Ч. 2: Вентиляция.— 2-е изд..— , 1964-1966
Lingua:russo
Pubblicazione: 1966
Soggetti:
Natura: MixedMaterials Libro
KOHA link:https://koha.lib.tpu.ru/cgi-bin/koha/opac-detail.pl?biblionumber=57602

MARC

LEADER 00000nam2a2200000 4500
001 57602
005 20231031054320.0
035 |a (RuTPU)RU\TPU\book\60815 
090 |a 57602 
100 |a 20031112d1966 m y0rusy50 ca 
101 0 |a rus 
102 |a RU 
105 |a a j 001zy 
200 0 |a Ч. 2: Вентиляция 
210 |d 1966 
215 |a 188 с.  |c ил. 
320 |a Библиогр.: с. 187-188. 
461 1 |0 (RuTPU)RU\TPU\book\60813  |t Примеры расчета по отоплению и вентиляции  |o Учебное пособие  |o В 2-х ч.  |f В. А. Кострюков  |v Ч. 2: Вентиляция  |e 2-е изд.  |d 1964-1966 
606 |a Вентилляционные системы  |x Микроклимат помещений  |2 stltpush  |3 (RuTPU)RU\TPU\subj\38202 
610 1 |a примеры расчета 
610 1 |a вентиляция 
610 1 |a воздухообмен 
610 1 |a производственные помещения 
610 1 |a подбор 
610 1 |a проектирование 
610 1 |a учебные пособия 
675 |a 628.8(075.32)  |v 3 
801 1 |a RU  |b 63413507  |c 20031112  |g PSBO 
801 2 |a RU  |b 63413507  |c 20220511  |g PSBO 
900 |a Отопление, вентиляция и кондиционирование воздуха 
942 |c BK 
954 |a 550900  |b 290700